[Event "SVK-chT1W 1415"]
[Site "Slovakia"]
[Date "2015.02.28"]
[Round "8.5"]
[White "Kleman, Miroslav"]
[Black "Pallag, Gergely"]
[Result "1-0"]
[WhiteElo "2231"]
[BlackElo "2101"]
[PlyCount "61"]
[EventDate "2014.10.18"]
[EventType "team-tourn"]
[EventRounds "11"]
[EventCountry "SVK"]
[SourceTitle "EXT 2016"]
[Source "ChessBase"]
[SourceDate "2015.10.08"]
[SourceVersion "1"]
[SourceVersionDate "2015.10.08"]
[SourceQuality "1"]
[WhiteTeam "Modra"]
[BlackTeam "Komarno KSC"]
[WhiteTeamCountry "SVK"]
[BlackTeamCountry "SVK"]

1. e4 e6 2. d4 d5 3. e5 c5 4. c3 Nc6 5. Nf3 Bd7 6. Bd3 Qb6 7. 0-0 cxd4 8. cxd4 Nxd4 9. Nxd4 Qxd4 10. Nc3 Bb4 11. Nb5 Qxe5 12. Qg4 Ba5 13. Bf4 h5 14. Qh4 Qxb2 15. Rab1 Qf6 16. Bg5 Qe5 17. Bf4 Qf6 18. Nd6+ Kf8 19. Bg5 Qe5 20. Nxb7 Bc7 21. Rfe1 Qc3 22. Rbc1 Qxd3 23. Qb4+ Ke8 24. Rxc7 Nf6 25. Nd6+ Kf8 26. Bxf6 gxf6 27. Rxd7 Kg8 28. Rxf7 Rd8 29. Rxf6 e5 30. Qh4 Qd2 31. Qg3+ 1-0

[Event "SVK-chT1W 1415"]
[Site "Slovakia"]
[Date "2014.10.18"]
[Round "1.4"]
[White "Pallag, Gergely"]
[Black "Pytlik, Pavol"]
[Result "1-0"]
[WhiteElo "2101"]
[BlackElo "2027"]
[PlyCount "83"]
[EventDate "2014.10.18"]
[EventType "team-tourn"]
[EventRounds "11"]
[EventCountry "SVK"]
[SourceTitle "EXT 2016"]
[Source "ChessBase"]
[SourceDate "2015.10.08"]
[SourceVersion "1"]
[SourceVersionDate "2015.10.08"]
[SourceQuality "1"]
[WhiteTeam "Komarno KSC"]
[BlackTeam "Trencin SK"]
[WhiteTeamCountry "SVK"]
[BlackTeamCountry "SVK"]

1. d4 Nf6 2. Bg5 g6 3. Bxf6 exf6 4. e3 Bg7 5. g3 d5 6. Bg2 0-0 7. Ne2 c6 8. 0-0 Be6 9. Nd2 Qd7 10. Re1 Na6 11. b3 Rfe8 12. c4 dxc4 13. bxc4 Bg4 14. Qb3 Rab8 15. a4 Nc5 16. Qa3 Bf8 17. Qc3 Bxe2 18. Rxe2 Ne6 19. Ree1 f5 20. c5 Bg7 21. Nb3 Ng5 22. Rab1 Bf6 23. Na5 Ne4 24. Bxe4 fxe4 25. Nc4 Bd8 26. Ne5 Qc7 27. Rb3 f6 28. Nc4 Re7 29. Reb1 Rd7 30. a5 a6 31. Qb2 Be7 32. Rb6 h5 33. Rxa6 h4 34. Ra7 hxg3 35. fxg3 Qd8 36. Qb6 Qf8 37. a6 Rbd8 38. Rxb7 Kg7 39. Rxd7 Rxd7 40. Qxc6 Ra7 41. Rb7 Ra8 42. Rxe7+ 1-0

[Event "SVK-chT2B 1213"]
[Site "Slovakia"]
[Date "2013.03.16"]
[Round "10.2"]
[White "Sukuba, Zdeno"]
[Black "Pallag, Gergely"]
[Result "1/2-1/2"]
[WhiteElo "2107"]
[BlackElo "2045"]
[PlyCount "34"]
[EventDate "2012.10.13"]
[EventType "team-tourn"]
[EventRounds "11"]
[EventCountry "SVK"]
[SourceTitle "EXT 2015"]
[Source "ChessBase"]
[SourceDate "2014.11.20"]
[SourceVersion "1"]
[SourceVersionDate "2014.11.20"]
[SourceQuality "1"]
[WhiteTeam "Dubnica nad Vahom II"]
[BlackTeam "Komarno II"]
[WhiteTeamCountry "SVK"]
[BlackTeamCountry "SVK"]

1. Nf3 Nf6 2. c4 e6 3. g3 b6 4. Bg2 Bb7 5. 0-0 c5 6. Nc3 Be7 7. b3 d5 8. cxd5 exd5 9. d4 Nbd7 10. Bb2 0-0 11. Rc1 Rc8 12. e3 Ba6 13. Re1 cxd4 14. exd4 Bb4 15. a3 Bxc3 16. Rxc3 Ne4 17. Rxc8 Qxc8 1/2-1/2

[Event "HUN-chT2 Charousek 1011"]
[Site "Hungary"]
[Date "2010.09.12"]
[Round "1"]
[White "Pallag, Gergely"]
[Black "Bali, Janos"]
[Result "1/2-1/2"]
[WhiteElo "2038"]
[BlackElo "2265"]
[PlyCount "100"]
[EventDate "2010.09.12"]
[EventType "team-tourn"]
[EventRounds "11"]
[EventCountry "HUN"]
[SourceTitle "EXT 2012"]
[Source "ChessBase"]
[SourceDate "2011.11.24"]
[SourceVersion "1"]
[SourceVersionDate "2011.11.24"]
[SourceQuality "1"]
[WhiteTeam "Kisber Aszar"]
[BlackTeam "BEAC"]
[WhiteTeamCountry "HUN"]
[BlackTeamCountry "HUN"]

1. d4 d5 2. c4 e6 3. Nc3 f5 4. Nf3 c6 5. Bg5 Nf6 6. e3 Bd6 7. Bd3 0-0 8. 0-0 Qe8 9. Bxf6 Rxf6 10. Ne5 b6 11. f4 Bb7 12. a3 dxc4 13. Bxc4 b5 14. Be2 Na6 15. Bf3 Nc7 16. Rc1 a6 17. Ne2 Nd5 18. Bxd5 cxd5 19. Nd3 Rh6 20. Nc3 g5 21. Nb1 Kh8 22. Nd2 gxf4 23. exf4 Rg6 24. Rf2 Rg4 25. Qe2 Qg6 26. Ne5 Bxe5 27. Qxe5+ Qg7 28. Qxg7+ Rxg7 29. Nb3 Rag8 30. Nc5 Bc8 31. Kf1 a5 32. b4 axb4 33. axb4 Ra7 34. Re2 h5 35. Nxe6 Bxe6 36. Rxe6 Ra4 37. g3 h4 38. Re5 hxg3 39. hxg3 Rxg3 40. Rxf5 Rh3 41. Rc8+ Kh7 42. Rxd5 Rh2 43. Kg1 Rb2 44. Rdc5 Ra1+ 45. Rc1 Raa2 46. Re8 Rg2+ 47. Kf1 Rgf2+ 48. Kg1 Rg2+ 49. Kf1 Rgf2+ 50. Kg1 Rg2+ 1/2-1/2

[Event "Budapest Weekend 2nd"]
[Site "Budapest"]
[Date "2010.08.20"]
[Round "2"]
[White "Fabian, Csaba"]
[Black "Pallag, Gergely"]
[Result "0-1"]
[WhiteElo "1838"]
[BlackElo "2035"]
[PlyCount "112"]
[EventDate "2010.08.20"]
[EventType "swiss"]
[EventRounds "7"]
[EventCountry "HUN"]
[SourceTitle "EXT 2020"]
[Source "ChessBase"]
[SourceDate "2019.10.17"]
[SourceVersion "1"]
[SourceVersionDate "2019.10.17"]
[SourceQuality "1"]

1. d4 Nf6 2. Bf4 e6 3. e3 c5 4. c3 Be7 5. Bd3 cxd4 6. exd4 d6 7. h3 Nbd7 8. Nf3 b6 9. 0-0 Bb7 10. Re1 0-0 11. Nbd2 a6 12. Nc4 Qc7 13. Ncd2 b5 14. a4 Qb6 15. axb5 axb5 16. Qe2 Bc6 17. b3 Nd5 18. Bg5 Bxg5 19. Bxh7+ Kxh7 20. Nxg5+ Kg8 21. Nde4 N7f6 22. c4 Nf4 23. Qc2 Nxe4 24. Nxe4 Rxa1 25. Rxa1 Qxd4 26. Re1 bxc4 27. bxc4 Qd3 28. Qxd3 Nxd3 29. Re3 Bxe4 30. Rxe4 Nc5 31. Rd4 Rd8 32. f3 Kf8 33. Kf2 Ke7 34. g3 Ra8 35. g4 Ra3 36. Rd2 Rc3 37. Ra2 Rxc4 38. Ra7+ Kf6 39. h4 g6 40. Ra8 d5 41. Rh8 Kg7 42. Ra8 Nd3+ 43. Ke3 Nf4 44. Ra2 e5 45. g5 Rc3+ 46. Kf2 Nd3+ 47. Kf1 Nc5 48. Re2 Rxf3+ 49. Kg2 Rf5 50. Rc2 Ne6 51. Rd2 d4 52. Kg3 e4 53. Kg4 e3 54. Rh2 Rf2 55. Rh1 e2 56. Kg3 Rf1 0-1

[Event "HUN-chT2 Breyer 0809"]
[Site "Hungary"]
[Date "2009.04.19"]
[Round "11"]
[White "Pallag, Gergely"]
[Black "Horvath, Rudolf"]
[Result "1/2-1/2"]
[WhiteElo "2009"]
[BlackElo "1951"]
[PlyCount "43"]
[EventDate "2008.10.26"]
[EventType "team-tourn"]
[EventRounds "11"]
[EventCountry "HUN"]
[SourceTitle "EXT 2010"]
[Source "ChessBase"]
[SourceDate "2010.11.25"]
[SourceVersion "1"]
[SourceVersionDate "2010.11.25"]
[SourceQuality "1"]
[WhiteTeam "Kisber Aszar"]
[BlackTeam "Balatonfuered"]
[WhiteTeamCountry "HUN"]
[BlackTeamCountry "HUN"]

1. d4 d5 2. c4 e6 3. Nc3 Be7 4. cxd5 exd5 5. Nf3 c6 6. Qc2 g6 7. e3 Bf5 8. Bd3 Bxd3 9. Qxd3 Nf6 10. 0-0 0-0 11. Rb1 Nbd7 12. Bd2 Re8 13. Rfc1 a5 14. Ne2 Ne4 15. a3 Nb6 16. b4 axb4 17. axb4 Nc4 18. Be1 Ra3 19. Rb3 Rxb3 20. Qxb3 b5 21. Ra1 Qb6 22. Nf4 1/2-1/2

[Event "SVK-chT2B 0809"]
[Site "Slovakia"]
[Date "2009.01.31"]
[Round "8.1"]
[White "Pallag, Gergely"]
[Black "Pinter, Patrik"]
[Result "0-1"]
[WhiteElo "2009"]
[BlackElo "2175"]
[PlyCount "152"]
[EventDate "2008.10.11"]
[EventType "team-tourn"]
[EventRounds "11"]
[EventCountry "SVK"]
[SourceTitle "EXT 2010"]
[Source "ChessBase"]
[SourceDate "2010.11.25"]
[SourceVersion "1"]
[SourceVersionDate "2010.11.25"]
[SourceQuality "1"]
[WhiteTeam "Komarno KSC II"]
[BlackTeam "Topolcianky SK"]
[WhiteTeamCountry "SVK"]
[BlackTeamCountry "SVK"]

1. d4 Nf6 2. Bg5 Ne4 3. Bf4 d5 4. f3 Nf6 5. e4 dxe4 6. Nc3 Nd5 7. Nxd5 Qxd5 8. Bxc7 Nc6 9. c3 g6 10. Qb3 Qxb3 11. axb3 exf3 12. Nxf3 Bg7 13. d5 Nd8 14. Bxd8 Kxd8 15. Ng5 Kc7 16. Nxf7 Rf8 17. Ng5 Rf5 18. Nf3 Rxd5 19. Bc4 Rd6 20. Kf2 Bf6 21. Rhe1 Bd7 22. b4 a6 23. Ne5 Rd2+ 24. Kg3 Bf5 25. b5 a5 26. Ra2 a4 27. Nf3 Rc2 28. Re2 Rxe2 29. Bxe2 a3 30. bxa3 Bxc3 31. a4 Kb6 32. Kf2 Rd8 33. Ke3 e5 34. h3 h5 35. Ng5 Bd4+ 36. Kf3 Rf8 37. Kg3 Bb1 38. Ra3 Bf2+ 39. Kh2 h4 40. Nf3 Bg3+ 41. Kg1 e4 42. Nd2 Rf2 43. Re3 Bd3 44. Bxd3 Rxd2 45. Be2 Rd4 46. Ra3 Ka5 47. Kf1 Rb4 48. Kg1 Rb1+ 49. Bf1 b6 50. Rc3 Ra1 51. Rb3 Bd6 52. Kf2 Bc5+ 53. Ke2 Kxa4 54. Rb2 Ka3 55. Rd2 Kb4 56. Rd1 Ra3 57. Rb1+ Kc3 58. Rc1+ Kd4 59. Rd1+ Ke5 60. Rd8 Bb4 61. Re8+ Kf4 62. Re6 Ra2+ 63. Kd1 Ke3 64. Bc4 Rd2+ 65. Kc1 Kd4 66. Bb3 Kc3 67. Rxe4 Ba3+ 68. Kb1 Rb2+ 69. Ka1 Kxb3 70. Re3+ Kb4 71. Re4+ Ka5 72. Rxh4 Rxg2 73. Re4 Kxb5 74. Re3 Bc5 75. Re1 Kc6 76. Rd1 b5 0-1

[Event "SVK-chT2B 0809"]
[Site "Slovakia"]
[Date "2008.11.08"]
[Round "3.2"]
[White "Packa, Ladislav"]
[Black "Pallag, Gergely"]
[Result "1-0"]
[WhiteElo "2206"]
[BlackElo "2009"]
[PlyCount "81"]
[EventDate "2008.10.11"]
[EventType "team-tourn"]
[EventRounds "11"]
[EventCountry "SVK"]
[SourceTitle "EXT 2010"]
[Source "ChessBase"]
[SourceDate "2010.11.25"]
[SourceVersion "1"]
[SourceVersionDate "2010.11.25"]
[SourceQuality "1"]
[WhiteTeam "Sala Slovan Duslo"]
[BlackTeam "Komarno KSC II"]
[WhiteTeamCountry "SVK"]
[BlackTeamCountry "SVK"]

1. d4 Nf6 2. c4 c5 3. d5 e6 4. Nc3 exd5 5. cxd5 d6 6. Nf3 g6 7. Bf4 Nh5 8. Qa4+ Qd7 9. Qe4+ Be7 10. Bg5 f6 11. Bh6 Kf7 12. e3 a6 13. a4 Qc7 14. Be2 Bf5 15. Qh4 Ng7 16. g4 Qb6 17. 0-0 Qxb2 18. Rfc1 Bc2 19. Bd1 Bxd1 20. Rab1 Qa3 21. Nxd1 b5 22. Nc3 b4 23. Ne4 Nd7 24. g5 f5 25. Ng3 Nf8 26. Rc4 Qd3 27. Re1 Qxd5 28. Rf4 Nfe6 29. Bxg7 Kxg7 30. e4 Qd3 31. exf5 Nxf4 32. f6+ Kf8 33. fxe7+ Ke8 34. Qxf4 Ra7 35. Qf6 Rg8 36. Ne4 Rd7 37. Qe6 Rxe7 38. Nf6+ Kd8 39. Qxg8+ Kc7 40. Rxe7+ Kc6 41. Qa8+ 1-0

[Event "HUN-chT2 Breyer 0809"]
[Site "Hungary"]
[Date "2008.11.02"]
[Round "2"]
[White "Vereszki, Bence"]
[Black "Pallag, Gergely"]
[Result "0-1"]
[WhiteElo "1611"]
[BlackElo "2009"]
[PlyCount "50"]
[EventDate "2008.10.26"]
[EventType "team-tourn"]
[EventRounds "11"]
[EventCountry "HUN"]
[SourceTitle "EXT 2010"]
[Source "ChessBase"]
[SourceDate "2010.11.25"]
[SourceVersion "1"]
[SourceVersionDate "2010.11.25"]
[SourceQuality "1"]
[WhiteTeam "Turul"]
[BlackTeam "Kisber Aszar"]
[WhiteTeamCountry "HUN"]
[BlackTeamCountry "HUN"]

1. e4 e6 2. d4 d5 3. exd5 exd5 4. Bd3 Nc6 5. c3 Bd6 6. Be3 Nf6 7. Nd2 0-0 8. Qc2 Re8 9. 0-0-0 a6 10. h3 b5 11. g4 b4 12. g5 Nh5 13. Bxh7+ Kh8 14. Bg6 fxg6 15. Qxg6 Nf4 16. Bxf4 bxc3 17. bxc3 Bxf4 18. Qxc6 Bf5 19. Kb2 Rb8+ 20. Nb3 Rb6 21. Qc5 Bd6 22. Qa5 Qe7 23. c4 Qe4 24. Ne2 Qc2+ 25. Ka1 Rxe2 0-1

[Event "HUN-chT U18"]
[Site "Miskolc"]
[Date "2008.10.30"]
[Round "6.9"]
[White "To, Nhat Minh"]
[Black "Pallag, Gergely"]
[Result "1-0"]
[WhiteElo "2342"]
[BlackElo "2009"]
[PlyCount "81"]
[EventDate "2008.10.27"]
[EventType "team-swiss"]
[EventRounds "8"]
[EventCountry "HUN"]
[SourceTitle "EXT 2016"]
[Source "ChessBase"]
[SourceDate "2015.10.08"]
[SourceVersion "1"]
[SourceVersionDate "2015.10.08"]
[SourceQuality "1"]

1. e4 e6 2. d4 d5 3. Nc3 Bb4 4. e5 c5 5. a3 Bxc3+ 6. bxc3 Ne7 7. Qg4 Qc7 8. Qxg7 Rg8 9. Qxh7 cxd4 10. Ne2 Nbc6 11. f4 Bd7 12. Qd3 dxc3 13. Qxc3 Nf5 14. Rb1 0-0-0 15. Rg1 d4 16. Qd3 Rh8 17. g4 Nh4 18. Rg3 Be8 19. Bd2 f6 20. exf6 e5 21. f5 Bf7 22. Kd1 Bd5 23. Qb5 Rd7 24. Rh3 Qd8 25. Qd3 e4 26. Qg3 d3 27. cxd3 exd3 28. Nf4 Bf3+ 29. Ke1 Qxf6 30. Kf2 Re7 31. Rxh4 Rxh4 32. Qxf3 Rxh2+ 33. Bg2 Qh4+ 34. Qg3 Qh7 35. Kg1 Rh6 36. Nd5 Rd7 37. Bxh6 Qxh6 38. Qxd3 Qd6 39. Qf3 Kb8 40. Qf4 Qxf4 41. Nxf4 1-0

[Event "HUN-chT U18"]
[Site "Miskolc"]
[Date "2008.10.29"]
[Round "4.5"]
[White "Pallag, Gergely"]
[Black "Istvanovszky, Martin"]
[Result "1/2-1/2"]
[WhiteElo "2009"]
[BlackElo "2205"]
[PlyCount "89"]
[EventDate "2008.10.27"]
[EventType "team-swiss"]
[EventRounds "8"]
[EventCountry "HUN"]
[SourceTitle "EXT 2016"]
[Source "ChessBase"]
[SourceDate "2015.10.08"]
[SourceVersion "1"]
[SourceVersionDate "2015.10.08"]
[SourceQuality "1"]

1. d4 Nf6 2. Bg5 g6 3. Bxf6 exf6 4. c4 f5 5. e3 Bg7 6. Nc3 d6 7. g3 0-0 8. Bg2 Re8 9. Nge2 c6 10. 0-0 Nd7 11. Rb1 Nf6 12. Qd3 Qe7 13. Rfe1 Bd7 14. b4 Bh6 15. Bf3 g5 16. b5 g4 17. Bg2 Rab8 18. Nf4 Bxf4 19. gxf4 h5 20. Rb2 h4 21. Qb1 Qf8 22. Ree2 c5 23. Rbd2 Be6 24. dxc5 dxc5 25. Bd5 b6 26. Re1 Rbd8 27. Red1 Qe7 28. Qc2 Kg7 29. Kh1 Nh5 30. Qb2 Kh7 31. Rg1 Rg8 32. Qc2 Kh6 33. Qd1 Nf6 34. Rg2 h3 35. Rg3 Nh5 36. Rg1 Qf6 37. Qc2 Qe7 38. Rgd1 Nf6 39. Qb1 Rh8 40. Qc2 Nh5 41. Rg1 Qh4 42. Qd1 Rhg8 43. Qe1 Qe7 44. Qd1 Qc7 45. Qc2 1/2-1/2